| 000 | 00870nam a2200325Ia 4500 | ||
|---|---|---|---|
| 008 | 170203s9999 xx 000 0 und d | ||
| 020 | _a9780545000901 | ||
| 050 | _aFic | ||
| 050 | _bK26s | ||
| 100 | _aKeene, Carolyn. | ||
| 245 | _aSleepover sleuths / | ||
| 245 | _cby Carolyn Keene ; illustrated by Macky Pamintuan. | ||
| 260 | _aNew York : | ||
| 260 | _bScholastic Inc., | ||
| 260 | _c2007 | ||
| 300 | _a82 pages : | ||
| 300 | _billustrations ; | ||
| 300 | _c20 cm. | ||
| 440 | _aNancy Drew and the clue crew. | ||
| 440 | _v#1. | ||
| 650 | _aDetective and mystery stories. | ||
| 650 | _aDolls -- | ||
| 650 | _aDrew, Nancy (Fictitious character) -- | ||
| 650 | _aSleepovers -- | ||
| 650 | _aTheft -- | ||
| 650 | _xJuvenile fiction. | ||
| 650 | _xJuvenile fiction. | ||
| 650 | _xJuvenile fiction. | ||
| 650 | _xJuvenile fiction. | ||
| 999 |
_c306569 _d306569 |
||